| 000 | 00000nam##2200000za#4500 |
| 001 | 9.661974 |
| 003 | CaOODSP |
| 005 | 20230503123605 |
| 007 | ta |
| 008 | 150407|2000||||xxc||||| f|0| 0 fre|d |
| 020 | |a0-662-65068-9 |
| 040 | |aCaOODSP|bfre |
| 041 | |aeng |
| 041 | |afre |
| 043 | |an-cn--- |
| 086 | 1 |aT48-28/2000 |
| 110 | 2 |aCentre de deĢveloppement des transports (Canada) |
| 245 | 10|aAu service de l'innovation en transports |
| 260 | |aOttawa - Ontario : |bTransports Canada. |c2000. |
| 546 | |aBilingue |
| 563 | |aDépliant |
| 590 | |a01-10|b2001-03-09 |
| 691 | 07|aTransport|2gcpds |
| 776 | 0#|tTransportation Development Centre : |w(CaOODSP)9.675651 |
| 791 | |tWorking for innovation in transportation |eeng|w(CaOODSP)9.661973 |